Globalización e identidad: una propuesta metodológica /

Se analiza, desde una perspectiva metodológica, uno de los problemas más difíciles de la filosofía contemporánea: la construcción de un concepto de "identidad cultural" en un contexto global. Se considera que es necesario madurar aún más la idea a fin de llegar a una concepción más consoli...

Ամբողջական նկարագրություն

Պահպանված է:
Մատենագիտական մանրամասներ
Հիմնական հեղինակ: Vargas, Celso
Ձևաչափ: Տեքստ
Խորագրեր:
Ցուցիչներ: Ավելացրեք ցուցիչ
Չկան պիտակներ, Եղեք առաջինը, ով նշում է այս գրառումը!

MARC

LEADER 00000 a a2200000 04500
001 41232
003
040
100 |a Vargas, Celso  
245 |a Globalización e identidad:   |b una propuesta metodológica /  |c Celso Vargas  
520 |a Se analiza, desde una perspectiva metodológica, uno de los problemas más difíciles de la filosofía contemporánea: la construcción de un concepto de "identidad cultural" en un contexto global. Se considera que es necesario madurar aún más la idea a fin de llegar a una concepción más consolidada de identidad. Se introduce el contexto en el cual se sitúa la reflexión, se plantea una definición preliminar de identidad, se discute el problema de la globalización distinguiendo diferentes enfoques que luchan por imponer una perspectiva y que le dan un gran dinamismo al fenómeno de la globalización, y se retoma el problema de la identidad con la finalidad de darle algún nivel de completitud.  
590 |a EFU/DICIEMBRE2011  
650 |a 1.IDENTIDAD CULTURAL  
650 |a 2.GLOBALIZACION  
650 |a 3.FILOSOFIA  
650 |a 4.TEORIA  
773 |g volumen45, número114 ( , 2007), páginas 85-91  
999 |c 31940  |d 31940